| 000 | 01843cam a2200277 4500500 | ||
|---|---|---|---|
| 005 | 20260329002331.0 | ||
| 041 | _afre | ||
| 042 | _adc | ||
| 100 | 1 | 0 |
_aBibas, Ruben _eauthor |
| 700 | 1 | 0 |
_aMathy, Sandrine _eauthor |
| 700 | 1 | 0 |
_aFink, Meike _eauthor |
| 245 | 0 | 0 | _aDesign and Macreconomic Analysis of an “Acceptable” Low-Carbon Scenario |
| 260 | _c2016. | ||
| 500 | _a28 | ||
| 520 | _aTwo observations motivate our research: the lack of acceptability of climate policies and the deficit of credibility, legitimacy and ownership of low-carbon scenarios. Both constitute a barrier to decision-making and slow the energy transition. To overcome these limitations, we have scripted a scenario using a co-development method involving 30 stakeholders from civil society and the private and public sectors. Stakeholders contributed significantly to the methodology by requesting data transparency, sensitivity tests and the clarification of economic and financial impacts. We incorporated the set of policies regarded as acceptable into the Imaclim-R model. The resulting scenario cuts CO2 emissions by 68 % in 2050, an outcome close to the 75 % reduction target. The measures are beneficial to employment and economic growth, except in the short term. These findings provide solid foundations to build acceptable decarbonisation pathways. | ||
| 690 | _aacceptability | ||
| 690 | _acarbon tax | ||
| 690 | _aclimate policy | ||
| 690 | _aeconomic assessment | ||
| 690 | _aenergy transition | ||
| 690 | _ageneral equilibrium CGE model | ||
| 690 | _alow-carbon scenarios | ||
| 690 | _astakeholder consultation | ||
| 786 | 0 | _nÉconomie & prévision | o 208-209 | 1 | 2016-12-08 | p. 77-104 | 0249-4744 | |
| 856 | 4 | 1 | _uhttps://shs.cairn.info/journal-economie-et-prevision-2016-1-page-77?lang=en&redirect-ssocas=7080 |
| 999 |
_c1814019 _d1814019 |
||